| 000 | 00000nam##2200000za#4500 |
| 001 | 9.579578 |
| 003 | CaOODSP |
| 005 | 20210624190629 |
| 007 | cr ||||||||||| |
| 008 | 150406|2014||||xxc|||||o f|0| 0 eng|d |
| 020 | |a978-1-100-23562-2 |
| 022 | |a1488-5379 |
| 040 | |aCaOODSP|beng |
| 043 | |an-cn--- |
| 086 | 1 |aFs97-6/3083E-PDF |
| 110 | 1 |aCanada. |bDepartment of Fisheries and Oceans. |
| 245 | 10|aReview of surveys contributing to groundfish assessments with recommendations for an ecosystem survey program in the Maritimes Region / |h[electronic resource]|cby R. Claytor, D. Clark, T. McIntyre, H. Stone, A. Cook, L. Harris, J. Simon, P. Emery, and P. Hurley. |
| 260 | |aDartmouth - Nova Scotia : |bFisheries and Oceans Canada |c2014. |
| 300 | |a90p.|bfigs., graphs, references, tables |
| 490 | 1 |aCanadian technical report of fisheries and aquatic sciences|x1488-5379|vNo. 3083 |
| 546 | |a(Résumé en français) |
| 590 | |a15-12|b2015-03-20 |
| 830 | #0|aCanadian technical report of fisheries and aquatic sciences,|x1488-5379|vNo. 3083|w(CaOODSP)9.504449 |
| 856 | 40|ahttp://publications.gc.ca|qPDF|s1946 KB|uhttps://publications.gc.ca/collections/collection_2015/mpo-dfo/Fs97-6-3083-eng.pdf|yNo. 3083 |